Immanuel Kant : (Record no. 117801)
[ view plain ]
| 000 -LEADER | |
|---|---|
| fixed length control field | 01083cam a2200361 a 4500 |
| 001 - CONTROL NUMBER | |
| control field | 8497557 |
| 003 - CONTROL NUMBER IDENTIFIER | |
| control field | ARRUPE |
| 005 - DATE AND TIME OF LATEST TRANSACTION | |
| control field | 20150429020006.0 |
| 008 - FIXED-LENGTH DATA ELEMENTS--GENERAL INFORMATION | |
| fixed length control field | 100528s2010 enk b 001 0 eng |
| 020 ## - INTERNATIONAL STANDARD BOOK NUMBER | |
| International Standard Book Number | 9781844652389 (hbk.) |
| 020 ## - INTERNATIONAL STANDARD BOOK NUMBER | |
| International Standard Book Number | 1844652386 (hbk.) |
| 020 ## - INTERNATIONAL STANDARD BOOK NUMBER | |
| International Standard Book Number | 1844652394 (pbk.) |
| 020 ## - INTERNATIONAL STANDARD BOOK NUMBER | |
| International Standard Book Number | 9781844652396 (pbk.) |
| 024 ## - OTHER STANDARD IDENTIFIER | |
| Standard number or code | 40018939514 |
| 035 ## - SYSTEM CONTROL NUMBER | |
| System control number | (OCoLC)ocn648100601 |
| 035 ## - SYSTEM CONTROL NUMBER | |
| System control number | (OCoLC)648100601 |
| Canceled/invalid control number | (OCoLC)574188257 |
| -- | (OCoLC)574188260 |
| 035 ## - SYSTEM CONTROL NUMBER | |
| System control number | (NNC)8497557 |
| 040 ## - CATALOGING SOURCE | |
| Original cataloging agency | UKM |
| Transcribing agency | UKM |
| Modifying agency | YDXCP |
| -- | ERASA |
| -- | CDX |
| -- | BWK |
| -- | NNC |
| 050 #4 - LIBRARY OF CONGRESS CALL NUMBER | |
| Classification number | B2798 |
| Item number | .I55 2011 |
| 082 04 - DEWEY DECIMAL CLASSIFICATION NUMBER | |
| Classification number | 193 |
| Edition number | 22 |
| 300 ## - PHYSICAL DESCRIPTION | |
| Dimensions | 22 cm. |
| 245 00 - TITLE STATEMENT | |
| Title | Immanuel Kant : |
| Remainder of title | key concepts / |
| Statement of responsibility, etc | edited by Will Dudley and Kristina Engelhard. |
| 260 ## - PUBLICATION, DISTRIBUTION, ETC. (IMPRINT) | |
| Place of publication, distribution, etc | Durham : |
| Name of publisher, distributor, etc | Acumen, |
| Date of publication, distribution, etc | 2010. |
| 263 ## - PROJECTED PUBLICATION DATE | |
| Projected publication date | 201011 |
| 300 ## - PHYSICAL DESCRIPTION | |
| Extent | x, 237 p. ; |
| 600 10 - SUBJECT ADDED ENTRY--PERSONAL NAME | |
| Personal name | Kant, Immanuel, |
| Dates associated with a name | 1724-1804. |
| 9 (RLIN) | 225 |
| 700 1# - ADDED ENTRY--PERSONAL NAME | |
| Personal name | Dudley, Will, |
| Dates associated with a name | 1967- |
| 9 (RLIN) | 226 |
| 700 1# - ADDED ENTRY--PERSONAL NAME | |
| Personal name | Engelhard, Kristina. |
| 9 (RLIN) | 227 |
| 942 ## - ADDED ENTRY ELEMENTS (KOHA) | |
| Source of classification or shelving scheme | Library of Congress Classification |
| Koha item type | Monograph ( Printed materials) |
| Koha issues (borrowed), all copies | 11 |
| 948 0# - LOCAL PROCESSING INFORMATION (OCLC); SERIES PART DESIGNATOR (RLIN) | |
| Series part designator, SPT (RLIN) | 20110225 |
| b (OCLC) | x |
| c (OCLC) | ybp21 |
| d (OCLC) | MPS |
| 948 1# - LOCAL PROCESSING INFORMATION (OCLC); SERIES PART DESIGNATOR (RLIN) | |
| Series part designator, SPT (RLIN) | 20110301 |
| b (OCLC) | c |
| c (OCLC) | mw18 |
| d (OCLC) | MPS |
| 949 ## - LOCAL PROCESSING INFORMATION (OCLC) | |
| i | 0070017700 |
| Withdrawn status | Lost status | Source of classification or shelving scheme | Damaged status | Not for loan | Collection code | Home library | Current library | Shelving location | Date acquired | Total Checkouts | Full call number | Barcode | Checked out | Date last seen | Date checked out | Price effective from | Koha item type |
|---|---|---|---|---|---|---|---|---|---|---|---|---|---|---|---|---|---|
| Library of Congress Classification | Main Collection | ARRUPE LIBRARY | ARRUPE LIBRARY | Main Collection | 17/09/2013 | 11 | B2798 .I33 2011 | 46411766 | 28/05/2015 | 28/04/2015 | 28/04/2015 | 17/09/2013 | Monograph ( Printed materials) |